| 000 | 00689nam a2200229 a 4500 | ||
|---|---|---|---|
| 001 | 000021540 | ||
| 005 | 20240417183536.0 | ||
| 008 | 100908s1998 mx a 000 0 spa d | ||
| 020 | _a9684443390 | ||
| 040 |
_aDO-SdBNP _bspa _cBNPHU |
||
| 082 |
_a339 _bP247m, 1998 |
||
| 100 | 1 |
_aParkin, Michael, _d1935- _944904 |
|
| 245 | 1 | 0 |
_aMacroeconomía / _cMichael Parkin. |
| 260 |
_aMéxico, D. F. : _bAddison Wesley Longman de México, _c1998. |
||
| 300 |
_a1233 p. : _bil. ; _c26 cm. |
||
| 500 | _aIncluye referencia biográfica del autor. | ||
| 650 | 0 |
_aMacroeconomía _922952 |
|
| 650 | 0 |
_aMicroeconomía _922953 |
|
| 650 | 4 |
_aModelos económicos _944908 |
|
| 910 | _aWM | ||
| 049 | _aBNGR | ||
| 999 |
_c21039 _d21039 |
||